50 Best Horror Movies Since 2000 (See Game Note) Quiz Stats

 Plays Quiz not verified by Sporcle

Score 0/50 Timer 15:00
0 Plays Today
Rank (Points) Film % Correct
#24 (560.5)The Ring
79.2%
#26 (494.5)It
73.1%
#9 (930.5)The Conjuring
69.8%
#5 (1125.5)The Cabin in the Woods
69%
#11 (869.5)Saw
69%
#14 (817.5)The Others
63.4%
#3 (1261.5)28 Days Later
62%
#8 (941.5)Shaun of the Dead
59.9%
#10 (902.5)Get Out
58.1%
#44 (337)Black Swan
51.6%
#39 (409.5)Insidious
49.5%
#4 (1209.5)It Follows
48.3%
#22 (597.5)The Strangers
43.7%
#1 (1451.5)Let the Right One In
43%
#25 (512.5)Paranormal Activity
41.5%
#7 (994.5)The Witch
41.1%
#36 (431)The Host
36.7%
#2 (1291)The Descent
36.3%
#6 (1099.5)The Babadook
35.8%
#13 (839)Drag Me to Hell
35.2%
#20 (623.5)The Mist
32.2%
#28 (480)Under the Skin
30.6%
#27 (485)Antichrist
28.3%
#37 (428.5)[REC]
25.2%
#46 (324.5)Mulholland Drive
24.1%
Rank (Points) Film % Correct
#12 (860.5)The Orphanage
23.4%
#30 (477.5)You're Next
17.5%
#49 (286)Slither
17.3%
#45 (335.5)Hereditary
16.8%
#15 (803.5)The Devil's Backbone
16.4%
#38 (418.5)Trick 'r Treat
16.1%
#16 (760.5)Martyrs
16%
#35 (444.5)A Quiet Place
15.6%
#31 (476.5)I Saw the Devil
13.5%
#34 (445)Session 9
13.4%
#47 (319)Wolf Creek
12.8%
#33 (447)Ginger Snaps
12.7%
#18 (715.5)Inside
12.3%
#21 (598)A Tale of Two Sisters
11.6%
#17 (756)The House of the Devil
11.5%
#41 (367.5)May
11.4%
#23 (583.5)Pulse
11.1%
#29 (477.5)Berberian Sound Studio
10.1%
#40 (382.5)The Wailing
9.1%
#19 (653.5)Kill List
8.2%
#50 (283.5)Amer
6.8%
#42 (351)Trouble Every Day
6.6%
#48 (315)A Girl Walks Home Alone at Night
6.6%
#43 (343.5)Raw
5.7%
#32 (475.5)The Loved Ones
5.4%

You're not logged in!

Compare scores with friends on all Sporcle quizzes.
OR
Log In

Show Comments

Extras

Top Quizzes Today


Score Distribution

Your Account Isn't Verified!

In order to create a playlist on Sporcle, you need to verify the email address you used during registration. Go to your Sporcle Settings to finish the process.

Report this User

Report this user for behavior that violates our Community Guidelines.

Details: